Central Library and Information Centre
Sibsagar Girls' College, Sivasagar : Assam

A TEXT BOOK OF CHORDATE ZOOLOGY (Record no. 8466)

MARC details
000 -LEADER
fixed length control field 00394cam a2200169ua 4500
008 - FIXED-LENGTH DATA ELEMENTS--GENERAL INFORMATION
fixed length control field 120121n1988 II |||gr||||Z||||||eng
040 ## - CATALOGING SOURCE
Original cataloging agency MAIN
041 ## - LANGUAGE CODE
-- English
082 ## - DEWEY DECIMAL CLASSIFICATION NUMBER
Classification number 596 DAL
100 ## - MAIN ENTRY--PERSONAL NAME
Personal name DALELA, R. C.
245 ## - TITLE STATEMENT
Title A TEXT BOOK OF CHORDATE ZOOLOGY
260 ## - PUBLICATION, DISTRIBUTION, ETC.
Place of publication, distribution, etc. MEERUT
Name of publisher, distributor, etc. JAI PRAKASH NATH & CO.
Date of publication, distribution, etc. 1988
300 ## - PHYSICAL DESCRIPTION
Extent 825:
Dimensions 25CM.
942 ## - ADDED ENTRY ELEMENTS (KOHA)
Koha item type Books
653 ## - INDEX TERM--UNCONTROLLED
Uncontrolled term Chordates
Holdings
Withdrawn status Lost status Damaged status Not for loan Collection code Home library Current library Shelving location Date acquired Full call number Barcode Date last seen Copy number Price effective from Koha item type Public note
        TBZOO Central Library and Information Centre Sibsagar Girls College Central Library and Information Centre Sibsagar Girls College ZOOLOGY BOOK RACK 23.06.1998 596 DAL 15709 27.02.2020 1 27.02.2020 Books V


Sibsagar Girl's College © 2020. All rights reserved.
Powered by Koha.
Maintained by Abhijit Borpuzari.